| 000 | 00703nam a22001577a 4500 | ||
|---|---|---|---|
| 003 | OSt | ||
| 005 | 20151206093532.0 | ||
| 008 | 151206b xxu||||| |||| 00| 0 eng d | ||
| 040 | _cRUA | ||
| 082 | _aATM ចាន់ 1990 B188 Or.1 | ||
| 100 |
_94369 _aចាន់ សារុទ្ធ |
||
| 245 | _aគំរោងបច្ចេកទេសប្រើប្រាស់ម៉ាស៊ីនកសិកម្មនៅក្នុងខេត្តកណ្ដាលជាមួយនិងឧបករណ៍សំរាបវ់ប្រព័ន្ធប្រេងរំអិលរបស់ចលករ | ||
| 260 |
_aPhnom Penh _bRUA _c1990 |
||
| 300 |
_a137p. _bill. _c29cm. |
||
| 942 |
_2ddc _cFIS |
||
| 999 |
_c4073 _d4073 |
||